[Event "BL 1213 SF Katernberg - Wiesbadener SV"]
[Site "?"]
[Date "2013.02.02"]
[Round "7.2"]
[White "Romanov, Evgeny"]
[Black "Kurnosov, Igor"]
[Result "1-0"]
[WhiteElo "2611"]
[BlackElo "2660"]
[PlyCount "103"]
[EventDate "2013.??.??"]

1. d4 Nf6 2. c4 g6 3. Nc3 d5 4. Nf3 Bg7 5. Qa4+ Bd7 6. Qb3 dxc4 7. Qxc4 O-O 8.
Bf4 b5 9. Nxb5 c5 10. d5 Qa5+ 11. Nc3 Nxd5 12. Qxd5 Bxc3+ 13. Bd2 Bc6 14. Bxc3
Qxc3+ 15. bxc3 Bxd5 16. Nd2 Nd7 17. e4 Bc6 18. f3 Rab8 19. Nc4 Ba4 20. Bd3 Nb6
21. Nb2 Rfd8 22. Be2 Bc2 23. Bd1 Bxd1 24. Rxd1 Rxd1+ 25. Nxd1 Nc4 26. O-O a5
27. Kf2 Rb1 28. Ke2 Ra1 29. Kd3 Na3 30. c4 Rxa2 31. Rf2 Ra1 32. Nc3 Rc1 33. Rb2
a4 34. Ra2 Nb1 35. Nxa4 Kg7 36. Nxc5 Rc3+ 37. Kd4 e5+ 38. Kd5 Rc1 39. Na4 Kf6
40. c5 Rd1+ 41. Kc6 Ke6 42. Ra1 f5 43. Nb6 fxe4 44. fxe4 Nc3 45. Rxd1 Nxd1 46.
Nd5 Nb2 47. Kc7 Na4 48. c6 Nc5 49. Nc3 g5 50. Kb6 Nb3 51. c7 Kd7 52. Nb5 1-0

[Event "BL 1213 SF Katernberg - Wiesbadener SV"]
[Site "?"]
[Date "2013.02.02"]
[Round "7.3"]
[White "Tazbir, Marcin"]
[Black "Firman, Nazar"]
[Result "1-0"]
[WhiteElo "2555"]
[BlackElo "2531"]
[PlyCount "77"]
[EventDate "2013.??.??"]

1. e4 d6 2. d4 Nf6 3. Nc3 g6 4. f4 Bg7 5. Nf3 O-O 6. Bd3 Na6 7. O-O c5 8. d5
Rb8 9. Qe2 Nc7 10. a4 a6 11. a5 Bg4 12. h3 Bxf3 13. Qxf3 Nd7 14. Ne2 e6 15.
dxe6 fxe6 16. Qg3 Rf7 17. c3 Qe7 18. Be3 Rbf8 19. Rad1 Kh8 20. b4 cxb4 21. cxb4
d5 22. e5 Qxb4 23. Rb1 Qa3 24. Bd4 Nb5 25. Bxb5 Qxg3 26. Nxg3 axb5 27. Rxb5
Rxf4 28. Rxf4 Rxf4 29. Ne2 Rf8 30. Rxb7 Nb8 31. Rb6 Rc8 32. Rxe6 Nc6 33. a6 Bh6
34. Kf2 Nxd4 35. Nxd4 Ra8 36. Nb5 Bf8 37. Rc6 Bg7 38. e6 Be5 39. e7 1-0

[Event "BL 1213 SF Katernberg - Wiesbadener SV"]
[Site "?"]
[Date "2013.02.02"]
[Round "7.4"]
[White "Chuchelov, Vladimir"]
[Black "Bulski, Krzysztof"]
[Result "1/2-1/2"]
[WhiteElo "2543"]
[BlackElo "2547"]
[PlyCount "80"]
[EventDate "2013.??.??"]

1. Nf3 d5 2. c4 c6 3. e3 Nf6 4. Nc3 e6 5. Qc2 Nbd7 6. b3 Bd6 7. Bb2 O-O 8. Be2
Re8 9. O-O b6 10. d4 Bb7 11. Rfd1 Qe7 12. Rac1 Rac8 13. Qb1 Ba3 14. Bxa3 Qxa3
15. cxd5 exd5 16. Ne1 Qe7 17. Nd3 Ne4 18. Bf1 Nd6 19. Qb2 a5 20. Na4 Ne4 21. g3
g6 22. Re1 Ba6 23. Rcd1 Bxd3 24. Rxd3 b5 25. Nc3 b4 26. Nxe4 dxe4 27. Rd2 c5
28. Bb5 Red8 29. Red1 Nb6 30. Ba6 Ra8 31. dxc5 Rxd2 32. Rxd2 Rxa6 33. cxb6 Rxb6
34. Rd5 Rd6 35. Rxa5 Qd8 36. Ra7 Rd1+ 37. Kg2 Rg1+ 38. Kxg1 Qd1+ 39. Kg2 Qf3+
40. Kg1 Qd1+ 1/2-1/2

[Event "BL 1213 SF Katernberg - Wiesbadener SV"]
[Site "?"]
[Date "2013.02.02"]
[Round "7.5"]
[White "Poetsch, Hagen"]
[Black "Bischoff, Klaus"]
[Result "1-0"]
[WhiteElo "2466"]
[BlackElo "2519"]
[PlyCount "47"]
[EventDate "2013.??.??"]

1. e4 c5 2. Nf3 e6 3. Nc3 d6 4. d4 cxd4 5. Nxd4 Nf6 6. g4 h6 7. h4 a6 8. Bg2 g6
9. g5 hxg5 10. Bxg5 Be7 11. Qe2 e5 12. Nb3 Be6 13. Bh3 Nbd7 14. O-O-O Qc7 15.
Kb1 b5 16. f4 Bxh3 17. Rxh3 exf4 18. Bxf4 Kf8 19. Qd2 Ne5 20. Bg5 Re8 21. Rf1
Nfg4 22. Nd5 Qc4 23. Bxe7+ Rxe7 24. Re1 1-0

[Event "BL 1213 SF Katernberg - Wiesbadener SV"]
[Site "?"]
[Date "2013.02.02"]
[Round "7.6"]
[White "Siebrecht, Sebastian"]
[Black "Carlstedt, Jonathan"]
[Result "0-1"]
[WhiteElo "2479"]
[BlackElo "2383"]
[PlyCount "74"]
[EventDate "2013.??.??"]

1. d4 g6 2. e4 d5 3. exd5 Qxd5 4. Nc3 Qd8 5. Bc4 Bg7 6. Nf3 Nh6 7. Bf4 Nf5 8.
Qd2 Nd6 9. Bb3 Nc6 10. Ne5 Na5 11. Ba4+ c6 12. Qe2 O-O 13. Rd1 b5 14. Bb3 Ba6
15. O-O Qc8 16. Qf3 Qf5 17. Rfe1 g5 18. Bc1 Qxf3 19. Nxf3 g4 20. Ne5 h5 21. Ng6
Rfe8 22. Nxe7+ Kf8 23. Bf4 Rad8 24. Bxd6 Rxd6 25. Nf5 Rxe1+ 26. Rxe1 Rd8 27.
Ne4 Nxb3 28. axb3 Bxd4 29. Nxd4 Rxd4 30. c3 Rd8 31. b4 Bc8 32. g3 Bf5 33. Nc5
Rd2 34. b3 Bc2 35. Ra1 Bd1 36. Rxa7 Bf3 37. Rd7 Rb2 0-1

[Event "BL 1213 SF Katernberg - Wiesbadener SV"]
[Site "?"]
[Date "2013.02.02"]
[Round "7.7"]
[White "Dubkov, Andrej"]
[Black "Ris, Robert"]
[Result "0-1"]
[WhiteElo "2327"]
[BlackElo "2394"]
[PlyCount "50"]
[EventDate "2013.??.??"]

1. e4 e5 2. Nf3 Nc6 3. Bc4 Nf6 4. d3 Bc5 5. c3 O-O 6. O-O d5 7. exd5 Nxd5 8.
Ng5 Be7 9. Qf3 Bxg5 10. Bxd5 Bxc1 11. Rxc1 Ne7 12. Bb3 Kh8 13. Na3 Ng6 14. Re1
f5 15. Nc4 Qf6 16. Qe2 Re8 17. Qh5 Bd7 18. g3 Re7 19. Ne3 c6 20. h4 h6 21. Qf3
e4 22. dxe4 Ne5 23. Qh5 fxe4 24. Re2 Rf8 25. Rd1 Be8 0-1

[Event "BL 1213 SV Mülheim Nord - SV Griesheim"]
[Site "?"]
[Date "2013.02.02"]
[Round "7.2"]
[White "Landa, Konstantin"]
[Black "Murdzia, Piotr"]
[Result "1-0"]
[WhiteElo "2641"]
[BlackElo "2471"]
[PlyCount "105"]
[EventDate "2013.??.??"]

1. d4 d5 2. c4 c6 3. Nf3 Nf6 4. Qb3 dxc4 5. Qxc4 Bf5 6. g3 e6 7. Bg2 Be7 8. O-O
O-O 9. Rd1 Nbd7 10. e3 Rc8 11. Qe2 b5 12. Ne5 Be4 13. f3 Bg6 14. e4 Qb6 15. Be3
Rfd8 16. Nd3 Qb8 17. Nd2 c5 18. dxc5 Nxc5 19. Nxc5 Bxc5 20. Bxc5 Rxc5 21. Nb3
Rcc8 22. Rxd8+ Rxd8 23. Rd1 Qb6+ 24. Kf1 h6 25. Rxd8+ Qxd8 26. Kf2 a6 27. Qd2
Qc7 28. Qc3 Qb6+ 29. Qd4 Qc7 30. Qc5 Qd8 31. Ke2 Qb8 32. Qd4 Qc7 33. Qc3 Qb6
34. Qd4 Qc7 35. Nc5 e5 36. Qc3 a5 37. Nd3 Qb6 38. Qc8+ Kh7 39. Qc5 Qe6 40. b3
a4 41. Qxb5 axb3 42. axb3 Nd7 43. Qd5 Qe7 44. Bh3 f5 45. Bxf5 Bxf5 46. exf5 Nf6
47. Qxe5 Qa7 48. b4 Qg1 49. g4 h5 50. h3 hxg4 51. hxg4 Nd7 52. Qd6 Nb6 53. g5
1-0

[Event "BL 1213 SV Mülheim Nord - SV Griesheim"]
[Site "?"]
[Date "2013.02.02"]
[Round "7.3"]
[White "Izsak, Gyula"]
[Black "Tregubov, Pavel V"]
[Result "1/2-1/2"]
[WhiteElo "2471"]
[BlackElo "2601"]
[PlyCount "92"]
[EventDate "2013.??.??"]

1. Nf3 c5 2. c4 Nc6 3. d4 cxd4 4. Nxd4 Nf6 5. Nc3 e6 6. e3 d5 7. cxd5 exd5 8.
Be2 Bd6 9. Bf3 O-O 10. O-O Be5 11. Be2 a6 12. Nf3 Bc7 13. b3 Re8 14. Bb2 Qd6
15. g3 Bh3 16. Re1 Rad8 17. Bf1 Bg4 18. Be2 Bb6 19. Nd4 Bc8 20. Nxc6 bxc6 21.
Bf3 Ba5 22. Rf1 Bh3 23. Bg2 Bxg2 24. Kxg2 c5 25. Qd3 Qc6 26. Kg1 Ng4 27. Qe2
Ne5 28. f4 d4 29. Nd1 Nd7 30. Qf3 Qd6 31. e4 c4 32. bxc4 Nb6 33. Rc1 Na4 34.
Ba3 Qe6 35. e5 Nc3 36. Nxc3 dxc3 37. Rxc3 Bxc3 38. Qxc3 Qb6+ 39. c5 Qb5 40. Rf3
Rd1+ 41. Kg2 Red8 42. c6 Qe2+ 43. Rf2 Qe4+ 44. Kh3 Qf5+ 45. Kg2 Qe4+ 46. Kh3
Qf5+ 1/2-1/2

[Event "BL 1213 SV Mülheim Nord - SV Griesheim"]
[Site "?"]
[Date "2013.02.02"]
[Round "7.4"]
[White "Berelowitsch, Alexander"]
[Black "Horvath, Peter"]
[Result "1/2-1/2"]
[WhiteElo "2565"]
[BlackElo "2434"]
[PlyCount "132"]
[EventDate "2013.??.??"]

1. e4 c5 2. Nf3 Nc6 3. d4 cxd4 4. Nxd4 Nf6 5. Nc3 e5 6. Ndb5 d6 7. Bg5 a6 8.
Na3 b5 9. Nd5 Be7 10. Bxf6 Bxf6 11. c3 Bg5 12. Nc2 Ne7 13. Ncb4 O-O 14. a4 bxa4
15. Qxa4 Nxd5 16. Nxd5 Bd7 17. Qa3 Qb8 18. h4 Bd8 19. Bc4 Be6 20. Rd1 a5 21.
Rd2 Ra7 22. Ba2 Rd7 23. g3 Bxd5 24. Bxd5 Bb6 25. O-O Bc5 26. Qa2 Ra7 27. Rd3
Qc8 28. Kg2 Qg4 29. Rf3 g6 30. Rh1 h5 31. Ra1 Kg7 32. Qc4 Qc8 33. b4 Bb6 34.
Bxf7 Qxc4 35. Bxc4 Rxf3 36. Kxf3 axb4 37. Rxa7+ Bxa7 38. cxb4 g5 39. Bb5 gxh4
40. gxh4 Kf7 41. Kg3 Bb6 42. f3 Bd8 43. Bd7 Be7 44. b5 Bd8 45. Kh3 Bb6 46. Bc6
Bc7 47. Bd5+ Kg7 48. Bc4 Bd8 49. Bf1 Bb6 50. Bd3 Ba5 51. Bc4 Bb6 52. Be2 Kg6
53. Bf1 Ba5 54. Bd3 Kg7 55. Bc2 Kf7 56. Bd1 Kg6 57. Be2 Bc7 58. Kg3 Bb6 59. f4
exf4+ 60. Kxf4 Bf2 61. Bxh5+ Kxh5 62. Kf5 Bxh4 63. Ke6 Kg6 64. Kxd6 Kf7 65. b6
Bf2 66. b7 Ba7 1/2-1/2

[Event "BL 1213 SV Mülheim Nord - SV Griesheim"]
[Site "?"]
[Date "2013.02.02"]
[Round "7.6"]
[White "Levin, Felix"]
[Black "Grabarczyk, Bogdan"]
[Result "1-0"]
[WhiteElo "2508"]
[BlackElo "2393"]
[PlyCount "49"]
[EventDate "2013.??.??"]

1. d4 d5 2. Nf3 e6 3. c4 dxc4 4. e3 Nf6 5. Bxc4 a6 6. O-O b5 7. Bd3 Bb7 8. a4
b4 9. Nbd2 Nbd7 10. e4 Nc5 11. Qe2 Nxd3 12. Qxd3 c5 13. e5 Nd7 14. Nc4 cxd4 15.
Qxd4 Bxf3 16. gxf3 Bc5 17. Qg4 Qc7 18. Rd1 Nxe5 19. Qe4 Nc6 20. Bf4 Qb7 21. Bd6
Ba7 22. Bxb4 Qxb4 23. Qxc6+ Ke7 24. Qc7+ Kf6 25. Qf4+ 1-0

[Event "BL 1213 SV Mülheim Nord - SV Griesheim"]
[Site "?"]
[Date "2013.02.02"]
[Round "7.7"]
[White "Walter, Stefan"]
[Black "Hausrath, Daniel"]
[Result "0-1"]
[WhiteElo "2358"]
[BlackElo "2484"]
[PlyCount "78"]
[EventDate "2013.??.??"]

1. d4 d5 2. c4 e6 3. Nc3 Be7 4. Nf3 Nf6 5. Bg5 h6 6. Bh4 O-O 7. e3 Ne4 8. Bxe7
Qxe7 9. Rc1 c6 10. Bd3 Nxc3 11. Rxc3 dxc4 12. Bxc4 Nd7 13. O-O b6 14. Bd3 c5
15. Be4 Rb8 16. Qa4 Nf6 17. Bc6 Rd8 18. Rfc1 cxd4 19. exd4 a5 20. h3 Ba6 21. a3
Qd6 22. R3c2 Bd3 23. Rd2 Bf5 24. Ne5 Rbc8 25. b4 Ne4 26. Rdd1 f6 27. Nf3 Qf4
28. bxa5 bxa5 29. Qxa5 Bxh3 30. Bxe4 Qxe4 31. Rxc8 Rxc8 32. Qa6 Rc3 33. Re1 Qg6
34. Qa8+ Kh7 35. Nh4 Qg5 36. Qe4+ f5 37. Qxe6 Qxh4 38. gxh3 Qxh3 39. Qe2 Rc6
0-1

[Event "BL 1213 Turm Emsdetten - SC Eppingen"]
[Site "?"]
[Date "2013.02.02"]
[Round "7.1"]
[White "Bologan, Victor"]
[Black "Giri, Anish"]
[Result "1/2-1/2"]
[WhiteElo "2695"]
[BlackElo "2730"]
[PlyCount "66"]
[EventDate "2013.??.??"]

1. e4 e5 2. Nf3 Nc6 3. Bb5 a6 4. Ba4 Nf6 5. O-O Nxe4 6. d4 b5 7. Bb3 d5 8. dxe5
Be6 9. Nbd2 Be7 10. c3 Nc5 11. Bc2 d4 12. Ne4 d3 13. Nxc5 dxc2 14. Qxd8+ Rxd8
15. Nxe6 fxe6 16. Be3 Rd5 17. Rfc1 Nxe5 18. Nxe5 Rxe5 19. Rxc2 O-O 20. a4 bxa4
21. Rxa4 Bc5 22. Re2 Rd8 23. Kf1 Rd1+ 24. Re1 Rxe1+ 25. Kxe1 Bxe3 26. fxe3 a5
27. Kd2 Rb5 28. Kc2 Rc5 29. Kb3 Rb5+ 30. Ka3 Rc5 31. Re4 Kf7 32. Ka4 h5 33. h3
Ke7 1/2-1/2

[Event "BL 1213 Turm Emsdetten - SC Eppingen"]
[Site "?"]
[Date "2013.02.02"]
[Round "7.2"]
[White "Mchedlishvili, Mikheil"]
[Black "Harikrishna, Pentala"]
[Result "1-0"]
[WhiteElo "2651"]
[BlackElo "2688"]
[PlyCount "171"]
[EventDate "2013.??.??"]

1. d4 Nf6 2. c4 e6 3. Nc3 Bb4 4. Qc2 O-O 5. a3 Bxc3+ 6. Qxc3 Qe8 7. f3 d5 8.
Bg5 Nbd7 9. e3 c6 10. Bd3 dxc4 11. Bxc4 Nd5 12. Bxd5 cxd5 13. Bf4 Qe7 14. Qb4
Qxb4+ 15. axb4 Nb6 16. b3 Bd7 17. Ne2 Nc8 18. Nc3 a6 19. b5 a5 20. Kf2 b6 21.
b4 a4 22. Nxa4 Bxb5 23. Nc3 Rxa1 24. Rxa1 Bc4 25. Bc7 f6 26. Na4 Rf7 27. Bxb6
Rb7 28. Bc5 Kf7 29. Ke1 e5 30. Kd2 g5 31. Nc3 Ke6 32. Ra5 Nd6 33. Bxd6 Kxd6 34.
b5 Rb6 35. Kc1 f5 36. g3 f4 37. gxf4 gxf4 38. Kd2 Ke6 39. Ra7 Bxb5 40. Rxh7
fxe3+ 41. Kxe3 exd4+ 42. Kxd4 Rb8 43. Nxd5 Bc6 44. Rh6+ Kd7 45. Nf6+ Ke7 46.
Ne4 Rd8+ 47. Ke5 Rd5+ 48. Kf4 Bd7 49. h4 Rf5+ 50. Kg3 Ba4 51. Ng5 Ra5 52. Kf4
Be8 53. Rh7+ Kf6 54. Rb7 Bh5 55. Rb3 Kg7 56. Ne4 Ra4 57. Kg3 Ra1 58. Rb5 Kh6
59. Rb6+ Kg7 60. Ng5 Ra3 61. Rb4 Kh6 62. Rf4 Ra6 63. Ne4 Ra3 64. Nf6 Kg6 65.
Nd5 Kg7 66. Rf5 Kh6 67. Ne7 Rb3 68. Nc6 Ra3 69. Ne5 Rb3 70. Rf6+ Kg7 71. Re6
Rb4 72. Ng4 Rb1 73. Re5 Bf7 74. h5 Rh1 75. h6+ Kf8 76. Kf4 Rh3 77. Rf5 Kg8 78.
Ra5 Bb3 79. Ra3 Be6 80. Ra6 Bb3 81. Nf6+ Kf7 82. Ne4 Rh4+ 83. Kg3 Rh5 84. Kg4
Rd5 85. Ng5+ Ke7 86. Re6+ 1-0

[Event "BL 1213 Turm Emsdetten - SC Eppingen"]
[Site "?"]
[Date "2013.02.02"]
[Round "7.5"]
[White "Acs, Peter"]
[Black "Hector, Jonny"]
[Result "1/2-1/2"]
[WhiteElo "2586"]
[BlackElo "2539"]
[PlyCount "86"]
[EventDate "2013.??.??"]

1. e4 e5 2. Nf3 Nc6 3. Nc3 Nf6 4. Bb5 Nd4 5. Ba4 Bc5 6. Nxe5 O-O 7. Nd3 Bb6 8.
e5 c6 9. O-O Ne8 10. Ne2 Qh4 11. Nxd4 Qxd4 12. Bb3 d5 13. Qe2 Nc7 14. a4 a5 15.
Qe3 Bf5 16. Ne1 Qb4 17. Qg3 Rae8 18. d3 f6 19. Nf3 fxe5 20. Nxe5 Ne6 21. Be3
Nd4 22. Bxd4 Bxd4 23. Nf3 Bxb2 24. Rab1 Qc3 25. Qc7 Rf7 26. Qb6 Ba3 27. Rbe1
Rxe1 28. Rxe1 Bg4 29. Re8+ Rf8 30. Rxf8+ Bxf8 31. Qe3 h6 32. h3 Bd7 33. d4 Qxe3
34. fxe3 g5 35. e4 Be6 36. Kf2 Ba3 37. Ne5 Kf8 38. Ke2 Ke7 39. exd5 cxd5 40.
Ng4 h5 41. Ne3 Kd6 42. c4 dxc4 43. Nxc4+ Bxc4+ 1/2-1/2

[Event "BL 1213 Turm Emsdetten - SC Eppingen"]
[Site "?"]
[Date "2013.02.02"]
[Round "7.6"]
[White "Janssen, Ruud"]
[Black "Ruck, Robert"]
[Result "1/2-1/2"]
[WhiteElo "2483"]
[BlackElo "2567"]
[PlyCount "69"]
[EventDate "2013.??.??"]

1. c4 c5 2. Nc3 g6 3. g3 Bg7 4. Bg2 Nc6 5. Nf3 d6 6. O-O Nf6 7. a3 O-O 8. Rb1
Bf5 9. d3 Qd7 10. Bg5 h6 11. Bxf6 Bxf6 12. Nd5 Bg7 13. b4 Rac8 14. Nh4 Be6 15.
Nf4 g5 16. Nxe6 Qxe6 17. Nf3 b6 18. e3 Rc7 19. b5 Nb8 20. Qe2 Nd7 21. Nd2 Qg6
22. f4 e6 23. Kh1 Kh8 24. g4 f5 25. fxg5 hxg5 26. Rf3 fxg4 27. Rxf8+ Bxf8 28.
Rf1 Nf6 29. Ne4 Rf7 30. Nxf6 Rxf6 31. Qxg4 Rxf1+ 32. Bxf1 Kg7 33. Bh3 Qxd3 34.
Qxe6 Qg6 35. Kg2 1/2-1/2

[Event "BL 1213 Turm Emsdetten - SC Eppingen"]
[Site "?"]
[Date "2013.02.02"]
[Round "7.7"]
[White "Medvegy, Zoltan"]
[Black "Burg, Twan"]
[Result "1/2-1/2"]
[WhiteElo "2561"]
[BlackElo "2502"]
[PlyCount "81"]
[EventDate "2013.??.??"]

1. c4 e5 2. g3 Nf6 3. Bg2 Nc6 4. Nc3 Bc5 5. Nf3 d6 6. O-O O-O 7. d3 h6 8. a3 a6
9. b4 Ba7 10. Bb2 Nd4 11. e3 Nxf3+ 12. Qxf3 c6 13. Qe2 Re8 14. Qd2 Be6 15. Rac1
Qd7 16. Ne4 Nxe4 17. dxe4 c5 18. Rfd1 Red8 19. Bf1 Rac8 20. Rc3 Bb6 21. Qc2
cxb4 22. axb4 a5 23. Ba3 axb4 24. Bxb4 Bc5 25. Rb1 Bxb4 26. Rxb4 Rc7 27. Qb3
Ra8 28. Rc1 Ra5 29. Rb1 Rac5 30. h4 Qc6 31. Rxb7 Rxb7 32. Qxb7 Qxb7 33. Rxb7
Bxc4 34. Rb8+ Kh7 35. Rd8 Bxf1 36. Kxf1 Rc4 37. f3 Rc1+ 38. Ke2 Rc2+ 39. Kf1
Rc1+ 40. Kg2 Rc2+ 41. Kf1 1/2-1/2

[Event "BL 1213 Turm Emsdetten - SC Eppingen"]
[Site "?"]
[Date "2013.02.02"]
[Round "7.8"]
[White "Zumsande, Martin"]
[Black "Braun, Arik"]
[Result "1/2-1/2"]
[WhiteElo "2418"]
[BlackElo "2556"]
[PlyCount "196"]
[EventDate "2013.??.??"]

1. e4 c6 2. d4 d5 3. exd5 cxd5 4. c4 Nf6 5. Nc3 e6 6. Nf3 Bb4 7. cxd5 Nxd5 8.
Bd2 Nc6 9. Bd3 O-O 10. O-O Be7 11. Re1 Bf6 12. Ne4 Bxd4 13. Nxd4 Nxd4 14. Ng5
h6 15. Nh7 Re8 16. Bxh6 e5 17. Bd2 f6 18. Qh5 Be6 19. Bg6 Qd7 20. f4 Bg4 21.
Qh4 Ne2+ 22. Kh1 Nexf4 23. Bxf4 Nxf4 24. Bxe8 Rxe8 25. Re3 Ng6 26. Nxf6+ gxf6
27. Qxf6 Qf5 28. Qd6 Qe6 29. Qc5 b6 30. Qa3 Re7 31. Rg3 Rg7 32. h3 Bf5 33. Rd1
Kh7 34. Qa4 Qf6 35. Qa3 Be4 36. Re1 Qf5 37. Qe3 Bd5 38. Rg5 Qf6 39. Kh2 Bxa2
40. b3 Qf4+ 41. Qxf4 exf4 42. Rh5+ Kg8 43. Re8+ Kf7 44. Re2 Bb1 45. Re1 Bc2 46.
Re2 Bd3 47. Rd2 Be4 48. Rd4 Bc6 49. Rc4 Bb7 50. Rc7+ Kg8 51. Rc2 Re7 52. Rd2
Kg7 53. Rd6 Be4 54. b4 Rc7 55. Rg5 Kh6 56. h4 Rc2 57. Re6 Rc4 58. Rge5 f3 59.
gxf3 Bxf3 60. Kg3 Bg4 61. Rd6 Rxb4 62. Re7 a5 63. Rb7 b5 64. Rbb6 Bh5 65. Rd5
Rg4+ 66. Kf2 a4 67. Rdxb5 Rxh4 68. Ra5 Re4 69. Rba6 Bd1 70. Rd6 Bc2 71. Rc6 Bb3
72. Raa6 Rg4 73. Ke3 Bf7 74. Rc7 Bd5 75. Rc5 Bf7 76. Rc7 Be8 77. Rc8 Bb5 78.
Rb6 Bd7 79. Ra8 Kh5 80. Rd6 Bf5 81. Rd4 Rg3+ 82. Kf2 Rb3 83. Raxa4 Kg5 84. Rab4
Rh3 85. Rd5 Nf4 86. Rxf5+ Kxf5 87. Rb8 Nd3+ 88. Ke2 Ke4 89. Re8+ Ne5 90. Kd2
Ra3 91. Kc2 Rf3 92. Kd2 Rd3+ 93. Kc2 Rd7 94. Kc3 Rd5 95. Rh8 Rc5+ 96. Kb4 Nd3+
97. Kb3 Kd4 98. Rh4+ Ke3 1/2-1/2

[Event "BL 1213 Werder Bremen - SV Hockenheim"]
[Site "?"]
[Date "2013.02.02"]
[Round "7.2"]
[White "Efimenko, Zahar"]
[Black "Lenic, Luka"]
[Result "0-1"]
[WhiteElo "2689"]
[BlackElo "2633"]
[PlyCount "90"]
[EventDate "2013.??.??"]

1. e4 e5 2. Nf3 Nc6 3. Bb5 a6 4. Ba4 Nf6 5. d3 d6 6. c3 g6 7. O-O Bg7 8. Re1
O-O 9. Nbd2 Nd7 10. Nf1 Nc5 11. Bxc6 bxc6 12. d4 Nd7 13. dxe5 Nxe5 14. Nxe5
Bxe5 15. Bh6 Re8 16. Qd2 Bg7 17. Bxg7 Kxg7 18. Ng3 h5 19. Re3 h4 20. Ne2 a5 21.
c4 Qf6 22. Nc3 h3 23. g3 Be6 24. Qe2 a4 25. Rd1 Qe5 26. f4 Qc5 27. Qf2 Bg4 28.
Rde1 Qxc4 29. f5 Qd4 30. Kf1 Qc4+ 31. Kg1 Qd4 32. Kf1 Ra5 33. Qf4 gxf5 34. Qg5+
Kf8 35. e5 Raxe5 36. Qh6+ Kg8 37. Qg5+ Kf8 38. Qh6+ Kg8 39. Qg5+ Kh7 40. Qf6
Rxe3 41. Qxd4 Rxe1+ 42. Kf2 Kg6 43. Qa7 Rh1 44. Qxc7 Rxh2+ 45. Kf1 Rd2 0-1

[Event "BL 1213 Werder Bremen - SV Hockenheim"]
[Site "?"]
[Date "2013.02.02"]
[Round "7.4"]
[White "Nyback, Tomi"]
[Black "Ribli, Zoltan"]
[Result "1/2-1/2"]
[WhiteElo "2598"]
[BlackElo "2554"]
[PlyCount "93"]
[EventDate "2013.??.??"]

1. d4 Nf6 2. c4 e6 3. Nf3 d5 4. g3 Bb4+ 5. Bd2 Be7 6. Bg2 O-O 7. O-O c6 8. Qc2
b6 9. Rd1 Ba6 10. b3 Nbd7 11. a4 Rc8 12. a5 c5 13. axb6 Qxb6 14. Qa2 Bb7 15.
Ba5 Qa6 16. dxc5 Nxc5 17. Nbd2 dxc4 18. bxc4 Nfe4 19. Bb4 Qb6 20. Rdb1 Nxd2 21.
Bxd2 Qc7 22. Ba5 Qd6 23. Bc3 Rfd8 24. Qb2 Be4 25. Be5 Qd7 26. Re1 f6 27. Bf4 e5
28. Be3 Rb8 29. Qa2 a6 30. Nd2 Bxg2 31. Kxg2 Rdc8 32. Rab1 Qc6+ 33. Kg1 Kf8 34.
Qc2 g6 35. h4 Kf7 36. Rxb8 Rxb8 37. Ra1 Rb4 38. Bxc5 Bxc5 39. Ne4 Be7 40. Nd2
Qb6 41. Qd3 Qc6 42. h5 Rb2 43. Qc3 Qb7 44. hxg6+ hxg6 45. Qd3 Qc6 46. Qc3 Qb7
47. Qd3 1/2-1/2

[Event "BL 1213 Werder Bremen - SV Hockenheim"]
[Site "?"]
[Date "2013.02.02"]
[Round "7.5"]
[White "Banusz, Tamas"]
[Black "Rapport, Richard"]
[Result "1/2-1/2"]
[WhiteElo "2580"]
[BlackElo "2621"]
[PlyCount "65"]
[EventDate "2013.??.??"]

1. c4 c5 2. Nf3 Nf6 3. Nc3 Nc6 4. d4 cxd4 5. Nxd4 e6 6. Bf4 d5 7. cxd5 Nxd5 8.
Nxc6 bxc6 9. Bd2 Bb4 10. Qc2 Rb8 11. e3 Nxc3 12. a3 Qa5 13. Qc1 Qb6 14. axb4
Ne4 15. Bc3 Nxc3 16. bxc3 c5 17. b5 O-O 18. Be2 c4 19. Bxc4 Bd7 20. O-O Rfc8
21. Be2 Bxb5 22. Bxb5 Qxb5 23. Rxa7 Qc6 24. Ra3 Rb5 25. Rd1 Rc5 26. Qc2 g6 27.
h3 h5 28. Rd3 Kg7 29. Qb2 Kg8 30. Qd2 Rg5 31. e4 Qxe4 32. Rd8+ Kg7 33. Qxg5
1/2-1/2

[Event "BL 1213 Werder Bremen - SV Hockenheim"]
[Site "?"]
[Date "2013.02.02"]
[Round "7.6"]
[White "Meins, Gerlef"]
[Black "Paehtz, Elisabeth"]
[Result "0-1"]
[WhiteElo "2473"]
[BlackElo "2482"]
[PlyCount "88"]
[EventDate "2013.??.??"]

1. d4 e6 2. c4 Bb4+ 3. Bd2 a5 4. Nf3 d6 5. g3 Nc6 6. Nc3 Nf6 7. Bg2 e5 8. a3
Bxc3 9. Bxc3 Ne4 10. Rc1 O-O 11. O-O Nxc3 12. Rxc3 a4 13. d5 Nb8 14. c5 Nd7 15.
cxd6 cxd6 16. Qc2 b6 17. Ne1 Nc5 18. Qd1 Bf5 19. Nc2 Bxc2 20. Qxc2 f5 21. e3
Qf6 22. Rc4 Rab8 23. Qe2 Qf7 24. Rd1 e4 25. Rb4 Rfc8 26. h4 g6 27. Bf1 Rc7 28.
Qe1 h6 29. Bb5 g5 30. hxg5 hxg5 31. Qe2 Qg6 32. Kf1 Rh7 33. Ke1 Rc8 34. Bc6 Rb8
35. Kd2 Nd3 36. Rd4 Rh2 37. Rxd3 exd3 38. Qf3 b5 39. Kc1 b4 40. Rxd3 bxa3 41.
bxa3 f4 42. exf4 Qf6 43. Qe4 Qb2+ 44. Kd1 Rh1+ 0-1

[Event "BL 1213 Werder Bremen - SV Hockenheim"]
[Site "?"]
[Date "2013.02.02"]
[Round "7.7"]
[White "Gasthofer, Alexander"]
[Black "Fish, Gennadij"]
[Result "1/2-1/2"]
[WhiteElo "2441"]
[BlackElo "2475"]
[PlyCount "68"]
[EventDate "2013.??.??"]

1. Nf3 c5 2. g3 Nc6 3. c4 g6 4. Bg2 Bg7 5. O-O e6 6. e3 Nge7 7. Nc3 O-O 8. d4
cxd4 9. Nxd4 d5 10. cxd5 Nxd4 11. exd4 Nxd5 12. Nxd5 exd5 13. Qb3 Be6 14. Be3
Qd7 15. Rfc1 Rfc8 16. h4 h5 17. Kh2 Bf6 18. Bf3 Rc4 19. Rxc4 dxc4 20. Qxb7 Qxb7
21. Bxb7 Rb8 22. Bc6 Rxb2 23. Rc1 c3 24. Rxc3 Rxa2 25. Rc1 Ra5 26. Kg1 Bd5 27.
Bd2 Ra2 28. Bxd5 Rxd2 29. Rc8+ Kg7 30. Rc7 Bxd4 31. Rxf7+ Kh6 32. Bc6 g5 33.
Be4 gxh4 34. gxh4 Bxf2+ 1/2-1/2

[Event "BL 1213 Werder Bremen - SV Hockenheim"]
[Site "?"]
[Date "2013.02.02"]
[Round "7.8"]
[White "Lichman, Peter"]
[Black "Wagner, Dennis"]
[Result "0-1"]
[WhiteElo "2334"]
[BlackElo "2456"]
[PlyCount "76"]
[EventDate "2013.??.??"]

1. b3 e5 2. Bb2 Nc6 3. e3 Nf6 4. Bb5 Bd6 5. Na3 Na5 6. Be2 Be7 7. c4 O-O 8. Nc2
e4 9. d4 d5 10. Qd2 Nc6 11. h4 a5 12. Nh3 a4 13. Nf4 Bd6 14. g3 Ne7 15. Ba3
Bxa3 16. Nxa3 Bg4 17. Bxg4 Nxg4 18. Qe2 axb3 19. axb3 Qd6 20. c5 Qd7 21. Kd2 b6
22. Nc2 bxc5 23. dxc5 Ne5 24. Nd4 N7c6 25. Kc3 Rab8 26. Rhc1 Qe7 27. Nxc6 Nxc6
28. Kb2 Qe5+ 29. Rc3 d4 30. exd4 Nxd4 31. Qh5 f5 32. Qd1 Rfd8 33. Qf1 Nxb3 34.
Qc4+ Kh8 35. Qxb3 Rxb3+ 36. Kxb3 Rb8+ 37. Kc2 Qd4 38. Rb3 Qxf2+ 0-1

[Event "BL 1213 Schachfr. Berlin - OSG Baden Ba"]
[Site "?"]
[Date "2013.02.02"]
[Round "7.1"]
[White "Aronian, Levon"]
[Black "Melkumyan, Hrant"]
[Result "1/2-1/2"]
[WhiteElo "2821"]
[BlackElo "2649"]
[PlyCount "117"]
[EventDate "2013.??.??"]

1. c4 c5 2. Nf3 Nc6 3. Nc3 Nf6 4. e3 e6 5. d4 d5 6. a3 a6 7. dxc5 Bxc5 8. b4
Ba7 9. Bb2 O-O 10. Qc2 d4 11. exd4 Nxd4 12. Nxd4 Bxd4 13. Be2 e5 14. O-O Be6
15. Na4 Bxb2 16. Qxb2 Qc7 17. Nc5 Bf5 18. Rfe1 Rfe8 19. Rad1 a5 20. Bf1 axb4
21. axb4 b6 22. Nb3 h6 23. h3 e4 24. c5 bxc5 25. Nxc5 Qb6 26. Rd4 Rad8 27. Red1
Rxd4 28. Qxd4 Rc8 29. Ba6 Rb8 30. b5 Bg6 31. Qd6 Qa7 32. Rd4 Kh7 33. Na4 Re8
34. Nc5 Rb8 35. Rb4 Rb6 36. Qe5 Qa8 37. Rd4 Rb8 38. Rd6 Qa7 39. Qd4 Qc7 40. Nd7
Nxd7 41. Rxd7 Qc1+ 42. Qd1 Qc3 43. Qd4 Qc1+ 44. Kh2 Qf4+ 45. g3 Qf3 46. Qe3 Qf5
47. Rd6 Qe5 48. Qf4 Qb2 49. Qe3 Qb4 50. Rd5 Qc4 51. Rd2 Qf1 52. g4 Re8 53. h4
h5 54. Rd5 Re6 55. g5 Qc4 56. Rc5 Qb4 57. Rd5 Qc4 58. Rc5 Qb4 59. Rd5 1/2-1/2